000 00630nam a2200181Ia 4500
008 090124s9999 xx 000 0 und d
082 _b42750
100 _aभट विठ्ठलराय
245 _a भारतरत्न मानकरी
250 _a1
260 _bदास्ताने रामचंद्र आणि कं. पुणे
_c2004
300 _a136
600 _aभट विठ्ठलराय
630 _a भारतरत्न मानकरी
700 _aभट विठ्ठलराय
730 _a भारतरत्न मानकरी
942 _cBOOK
999 _c108990
_d108990